Der zweite brief des apostels Paulus an die Korinther

Uloženo v:
Podrobná bibliografie
Hlavní autor: Belser, Johannes Evangelist (Autor)
Médium: Kniha
Jazyk:němčina
Vydáno: Friburgo de Brisgovia Herder 1910
Vydání:1a. ed
Témata:
Tagy: Přidat tag
Žádné tagy, Buďte první, kdo vytvoří štítek k tomuto záznamu!

MARC

LEADER 00000cam a2200000 a 4500
001 UCD2492
003 CL-VaPUC
008 160428e19100000gw |||||||||||||||||ger|d
082 0 4 |a 227.2  |b BEL  |2 21 
100 0 |a Belser, Johannes Evangelist  |e author  |9 585840 
245 1 4 |a Der zweite brief des apostels Paulus an die Korinther 
250 |a 1a. ed 
300 |a 382 p 
942 |c BK 
945 |d 20160428 21:50:00  |a dcastane 
260 |a Friburgo de Brisgovia  |b Herder  |c 1910 
650 0 |a Epístolas  |9 321181 
650 0 |a Epístolas paulinas  |9 479071 
650 0 |a Corintios  |9 485884 
650 0 |a Cartas apostólicas  |9 373744 
583 |a last modification  |c 20160428 21:50:00  |k Rodrigo Vera 
999 |c 363654  |d 363652 
952 |0 0  |1 0  |3 erd  |4 0  |6 227_200000000000000_BEL_1910  |7 0  |8 X  |9 476274  |a BIBTEO  |b BIBTEO  |c TEO_FFR  |i 5228891  |o 227.2 BEL 1910  |p 5228891  |r 2024-01-18  |w 2019-11-24  |y BK_X  |z Catalogado en:20160428  |k OFM